All pl teams 24/25 - Statistics

General Stats
  • This quiz has been taken 134 times
  • The average score is 17 of 20
Answer Stats
Answer % Correct
Manchester United
100%
Arsenal
99%
Manchester City
99%
Liverpool
97%
Chelsea
95%
Tottenham Hotspur
91%
Wolverhampton
90%
Aston villa
89%
Brighton
83%
West Ham United
83%
Brentford
82%
Everton
78%
Nottingham Forest
78%
Crystal Palace
77%
Leicester City
77%
Bournemouth
76%
Fulham
76%
Newcastle United
73%
Ipswich Town
71%
Southampton
71%
No matching quizzes found
Score Distribution
Percent of People with Each Score
Percentile by Number Answered
Your Score History
You have not taken this quiz